Modern advanced accounting / (Record no. 1540)
[ view plain ]
| 000 -LEADER | |
|---|---|
| fixed length control field | 00755cam a22002292 4500 |
| 001 - CONTROL NUMBER | |
| control field | 0000019863 |
| 005 - DATE AND TIME OF LATEST TRANSACTION | |
| control field | 20151021152558.0 |
| 008 - FIXED-LENGTH DATA ELEMENTS--GENERAL INFORMATION | |
| fixed length control field | 110228s xx 000 0 eng d |
| 020 ## - INTERNATIONAL STANDARD BOOK NUMBER | |
| International Standard Book Number | 007124459X : |
| 040 ## - CATALOGING SOURCE | |
| Original cataloging agency | KABU |
| Transcribing agency | KABU |
| 100 1# - MAIN ENTRY--PERSONAL NAME | |
| Personal name | Larsen,John E. |
| -- | 0000179832 |
| 245 10 - TITLE STATEMENT | |
| Title | Modern advanced accounting / |
| Statement of responsibility, etc. | E. John Larsen. |
| 250 ## - EDITION STATEMENT | |
| Edition statement | 10th ed. |
| 260 ## - PUBLICATION, DISTRIBUTION, ETC. (IMPRINT) | |
| Place of publication, distribution, etc. | Boston : |
| Name of publisher, distributor, etc. | McGrawHill, |
| Date of publication, distribution, etc. | 2006. |
| 300 ## - PHYSICAL DESCRIPTION | |
| Extent | xvii, 830 p. |
| 650 #0 - SUBJECT ADDED ENTRY--TOPICAL TERM | |
| Topical term or geographic name as entry element | Accounting. |
| -- | 0000148321 |
| 852 1# - LOCATION | |
| -- | p3850 KES |
| 852 1# - LOCATION | |
| -- | p3850 KES |
| 852 1# - LOCATION | |
| -- | p3850 KES |
| 908 ## - PUT COMMAND PARAMETER (RLIN) | |
| Put command parameter | 110228 |
| 950 ## - LOCAL HOLDINGS (RLIN) | |
| -- | 1 |
| Withdrawn status | Lost status | Source of classification or shelving scheme | Not for loan | Home library | Current library | Date acquired | Total Checkouts | Full call number | Barcode | Date last seen | Copy number | Price effective from | Koha item type | Date last checked out | Total Renewals |
|---|---|---|---|---|---|---|---|---|---|---|---|---|---|---|---|
| Library of Congress Classification | Kabarak, Main Campus | Kabarak, Main Campus | 21/10/2015 | HF5635 .L37 2006 c.3 | 20807 | 02/08/2024 | C.3 | 21/10/2015 | General Collection | ||||||
| Library of Congress Classification | Kabarak, Main Campus | Kabarak, Main Campus | 21/10/2015 | 2 | HF5635 .L37 2006 c.2 | 20810 | 02/08/2024 | C.2 | 21/10/2015 | General Collection | 24/10/2018 | ||||
| Library of Congress Classification | Kabarak, Main Campus | Kabarak, Main Campus | 17/12/2015 | 2 | HF5635 .L37 2006 c.1 | 34002 | 16/08/2016 | 17/12/2015 | General Collection | 18/04/2016 | |||||
| Library of Congress Classification | Kabarak, Nakuru City Campus | Kabarak, Nakuru City Campus | 21/10/2015 | 3 | HF5635 .L37 2006 c. 1 | 20815 | 28/03/2023 | C.1 | 21/10/2015 | General Collection | 23/03/2023 | 1 |